Normal view
MARC view
Entry Personal Name
001 - CONTROL NUMBER
- control field: 55120
003 - CONTROL NUMBER IDENTIFIER
- control field: OSt
005 - DATE AND TIME OF LATEST TRANSACTION
- control field: 20241030145627.0
008 - FIXED-LENGTH DATA ELEMENTS
- fixed length control field: 241030|| aca||aabn | a|a d
040 ## - CATALOGING SOURCE
- Original cataloging agency: OSt
- Transcribing agency: OSt
100 ## - HEADING--PERSONAL NAME
- Personal name: သီတာ၊ မ
670 ## - SOURCE DATA FOUND
- Source citation: Work cat.: (OSt)16768: သောမဗုဒ္ဓိ၊ ဘဒ္ဒန္တ၊ အဂ္ဂမဟာသဒ္ဓမ္မဇောတိကဓဇ။ 17368, အစ္ဆရာသုတ္တန်တရားတော် /, ၂၀၀၉။